000 00974nam a22003137a 4500
003 OSt
005 20140310181928.0
008 130720t xxu||||| |||| 00| 0 eng d
020 _a9780760936955
050 _aQA 11.2
_b.Ex96 2006
082 _aTR 510
_bEx8 2006
110 _aCurriculum Associates, Inc.
_91534
245 _aExtensions in mathematics
260 _aNorth Billerica, MA :
_bCurriculum Associates, Inc.,
_cc2006.
300 _a128 p. :
_c27 cm.
521 _aFaculty
541 _j1
541 _j1
541 _j1
541 _j1
610 _aCurriculum Associates, Inc.
_91534
650 _a Mathematics.
_9210
710 _aCurriculum Associates, Inc.
_91534
830 _aExtensions in mathematics: Series A
_92451
830 _aExtensions in mathematics: Series B
_92452
830 _aExtensions in mathematics: Series C
_92453
830 _aExtensions in mathematics: Series D
_92454
942 _2lcc
_cBK-TR
_kTR
999 _c7240
_d7240